Loading...
| Science - Other | 0 | 3 | 0 | 2 | 30 | 96 | 105.67 | 0 | 1 | 3.37 | 7.50 |
| History - American | 0 | 3 | 0 | 1 | 30 | 61 | 84.33 | 0 | 0 | 8.08 | 6.67 |
| Mythology | 0 | 1 | 0 | 0 | 10 | 65 | 65.00 | 0 | 1 | 4.26 | 6.67 |
| Other Academic | 0 | 1 | 0 | 0 | 10 | 43 | 43.00 | 1 | 1 | 21.87 | 33.33 |
| Philosophy | 0 | 1 | 0 | 0 | 10 | 107 | 107.00 | 0 | 1 | 0.23 | 5.00 |
| Religion | 0 | 1 | 0 | 0 | 10 | 101 | 101.00 | 0 | 1 | 1.26 | 5.00 |
| Science - Chemistry | 0 | 1 | 0 | 0 | 10 | 46 | 46.00 | 1 | 1 | 4.54 | 8.33 |
| Social Science | 0 | 1 | 0 | 0 | 10 | 66 | 66.00 | 0 | 0 | 3.33 | 3.33 |
| History - European | 0 | 1 | 0 | 0 | 10 | 117 | 117.00 | 0 | 0 | 0.60 | 1.67 |
| History - World | 0 | 1 | 1 | 0 | 5 | 82 | 82.00 | 1 | 1 | 3.45 | 8.33 |
| Science - Physics | 0 | 1 | 1 | 1 | 5 | 128 | 128.00 | 0 | 0 | 0.00 | 1.67 |
| Current Events | 0 | 0 | 1 | 0 | -5 | 0.00 | 0 | 0 | 0.00 | 0.00 |